000 00859nam a2200241 a 4500
001 000022215
005 20251017124518.0
008 100920s2007 dr a 000 0 spa d
020 _a9789590504990
040 _aDO-SdBNP
_bspa
_cBNPHU
082 _a616.89
_bR696m
100 1 _aRodríguez Sánchez, Jorge,
_d1950-
_945945
245 1 0 _aMi psicólogo soy yo /
_cJorge Rodríguez Sánchez, Arístides E. Hernández Guerrero; edición Luisa Acosta Hernández.
260 _aLa Habana :
_bCientífico-Técnica,
_c2007.
300 _a154 p. :
_bil. ;
_c21 cm.
500 _aIncluye datos biográficos de los autores
504 _aBibliografías : p. 153-154
650 4 _aPsiquiatria
_918234
650 0 _aSalud mental
_9803
700 1 _aHernández Guerrero, Arístides E.
_d1963-
_945946
700 1 _aAcosta Hernández, Luisa
_eed.
_945947
049 _aBNPD
999 _c21713
_d21713